[Event "TCh-TUR Super League 2023"]
[Site "Ankara TUR"]
[Date "2023.07.12"]
[Round "3.3"]
[Board "2"]
[White "Annaberdiyev, Meylis"]
[Black "Erdogmus, Yagiz Kaan"]
[Result "1-0"]
[WhiteTitle "GM"]
[BlackTitle "IM"]
[WhiteElo "2496"]
[BlackElo "2483"]
[WhiteTeam "HUKUKCU FENERBAHCELILER SPOR VE KULTUR K"]
[BlackTeam "BURSA BUYUKSEHIR BELEDIYE SPOR KULUBU"]
[WhiteFideId "14000563"]
[BlackFideId "44599790"]
[EventDate "2023.07.10"]

1. c4 e6 2. Nf3 d5 3. g3 Nf6 4. Bg2 Be7 5. O-O O-O 6. d3 c5 7. Nc3 Nc6 8. Bg5 h6
9. Bxf6 Bxf6 10. Nd2 Bxc3 11. bxc3 b6 12. e3 Bb7 13. cxd5 exd5 14. Qh5 Ne7 15.
d4 Rc8 16. Rfc1 cxd4 17. cxd4 Qd6 18. Bh3 Rxc1+ 19. Rxc1 Bc8 20. Nf3 Bxh3 21.
Qxh3 f6 22. Nh4 Rd8 23. Nf5 Nxf5 24. Qxf5 Kf7 25. Rc3 g6 26. Qc2 h5 27. h4 Qe7
28. a4 f5 29. Rc6 Rd6 30. Rc8 Rd8 31. Rxd8 Qxd8 32. Qc6 a5 33. Kg2 Kg7 34. Qe6
Kh7 35. Kf3 Kh6 36. Qf7 Qa8 37. Ke2 Qd8 38. Kd2 Qa8 39. Ke1 Qd8 40. Kf1 Qa8 41.
Kg1 Qd8 42. Kg2 Qa8 43. Qd7 Qg8 44. Qd6 Qe8 45. Qxb6 Qxa4 46. Qd8 Kh7 47. Qxd5
Qb4 48. Qf7+ Kh6 49. Qg8 Qb7+ 50. d5 a4 51. Qh8+ Qh7 52. Qb8 Qd7 53. d6 a3 54.
Qh8+ Qh7 55. Qf8+ Qg7 56. Qxg7+ Kxg7 57. d7 a2 58. d8=Q a1=Q 59. Qd4+ 1-0

[Event "TCh-TUR Super League 2023"]
[Site "Ankara TUR"]
[Date "2023.07.12"]
[Round "3.3"]
[Board "3"]
[White "Haznedaroglu, Kivanc"]
[Black "Ozer, Omer Faruk"]
[Result "0-1"]
[WhiteTitle "GM"]
[BlackTitle "IM"]
[WhiteElo "2408"]
[BlackElo "2333"]
[WhiteTeam "BURSA BUYUKSEHIR BELEDIYE SPOR KULUBU"]
[BlackTeam "HUKUKCU FENERBAHCELILER SPOR VE KULTUR K"]
[WhiteFideId "6300634"]
[BlackFideId "6354564"]
[EventDate "2023.07.10"]

1. d4 Nf6 2. c4 e6 3. Nc3 Bb4 4. e3 O-O 5. Bd3 d5 6. Ne2 dxc4 7. Bxc4 c5 8. a3
Bxc3+ 9. bxc3 Qc7 10. Bd3 e5 11. e4 cxd4 12. cxd4 exd4 13. O-O Nc6 14. f4 Bg4
15. h3 Bxe2 16. Qxe2 Nd7 17. e5 g6 18. e6 fxe6 19. Qxe6+ Kg7 20. Qc4 Nb6 21. Qa2
Rad8 22. f5 Ne5 23. Be4 Nbc4 24. f6+ Rxf6 25. Rxf6 Kxf6 26. Bh6 d3 27. Kh1 d2
28. Rf1+ Ke6 29. Rd1 Rd4 30. Bc2 Nf3 31. gxf3 Qg3 32. Be4 Qxh3+ 33. Kg1 Qg3+ 34.
Kf1 Rxe4 0-1

[Event "TCh-TUR Super League 2023"]
[Site "Ankara TUR"]
[Date "2023.07.12"]
[Round "3.3"]
[Board "4"]
[White "Huseyinoglu, Alihan"]
[Black "Eren, Ataberk"]
[Result "1/2-1/2"]
[WhiteTitle "IM"]
[BlackTitle "FM"]
[WhiteElo "2261"]
[BlackElo "2324"]
[WhiteTeam "HUKUKCU FENERBAHCELILER SPOR VE KULTUR K"]
[BlackTeam "BURSA BUYUKSEHIR BELEDIYE SPOR KULUBU"]
[WhiteFideId "14202875"]
[BlackFideId "6349765"]
[EventDate "2023.07.10"]

1. e4 e6 2. d4 d5 3. exd5 exd5 4. Nf3 Nf6 5. Bd3 Bd6 6. Qe2+ Be6 7. Ng5 Qe7 8.
Nxe6 fxe6 9. O-O O-O 10. Nd2 Nc6 11. Nf3 e5 12. dxe5 Nxe5 13. Nxe5 Qxe5 14. Qxe5
Bxe5 15. c4 Rae8 16. h3 Bd4 17. cxd5 Nxd5 18. Bd2 Kh8 19. Rac1 c6 20. Rc2 Re7
21. a3 Ref7 22. Bc1 Nf4 23. Bc4 Rf6 24. Rd1 c5 25. Be3 Rg6 26. Bxf4 Rxf4 27. Re1
Rgf6 28. Re8+ Rf8 29. Rxf8+ Rxf8 30. Re2 g6 1/2-1/2

[Event "TCh-TUR Super League 2023"]
[Site "Ankara TUR"]
[Date "2023.07.12"]
[Round "3.3"]
[Board "5"]
[White "Aydin, Gulenay"]
[Black "Caglar, Sila"]
[Result "1/2-1/2"]
[WhiteTitle "WFM"]
[BlackTitle "WIM"]
[WhiteElo "2145"]
[BlackElo "2235"]
[WhiteTeam "BURSA BUYUKSEHIR BELEDIYE SPOR KULUBU"]
[BlackTeam "HUKUKCU FENERBAHCELILER SPOR VE KULTUR K"]
[WhiteFideId "34557431"]
[BlackFideId "6364063"]
[EventDate "2023.07.10"]

1. e4 c5 2. Nf3 Nc6 3. Bb5 d6 4. O-O Bd7 5. Re1 a6 6. Bf1 Bg4 7. c3 e6 8. d4
Bxf3 9. gxf3 Qh4 10. Be3 Nf6 11. Bg2 g5 12. Nd2 Be7 13. Nf1 Nh5 14. b4 Rd8 15.
Rb1 b5 16. a4 c4 17. axb5 axb5 18. Ra1 O-O 19. Ra6 Rc8 20. Rb6 f5 21. Rxb5 f4
22. Bc1 Bf6 23. Rb6 Rfd8 24. h3 Rd7 25. Qa4 Rdc7 26. Rd1 Be7 27. b5 Nd8 28. Ba3
Nf7 29. Ra6 g4 30. hxg4 Nf6 31. b6 Rb7 32. Ra8 Rd8 33. Rb1 Nd7 34. Rxd8+ Nxd8
35. Qxc4 d5 36. exd5 Nxb6 37. Qa6 Bxa3 38. Rxb6 Rxb6 39. Qxb6 Qe7 40. dxe6 Nxe6
41. Qb8+ Kg7 42. Qe5+ Qf6 43. Qa5 Be7 44. Nd2 Ng5 45. Qd5 Qa6 46. Ne4 Qa1+ 47.
Kh2 Nxe4 48. Qxe4 Bf6 49. Qb7+ Kg6 50. Qc8 h6 51. g5 hxg5 52. Bh3 Qe1 53. Bf5+
Kg7 54. Kg2 Qe7 55. Be6 Qd8 56. Qb7+ Qe7 57. Qd5 Qd8 58. Qe4 Qd6 59. Qf5 Qe7 60.
Bd5 Qd6 61. Be4 Qe7 62. Kh3 Qf7 63. Kg4 Kh6 64. Kh3 Kg7 65. Qh7+ Kf8 66. Qxf7+
Kxf7 67. Kg2 Bd8 68. c4 Bf6 69. d5 Be7 70. Kh3 Kf6 71. Kg4 Bc5 72. Bf5 Bd6 73.
Bc8 Bc5 74. Kh5 Bf8 75. Bh3 Bc5 76. Kh6 Bf8+ 77. Kh5 Bc5 78. Bc8 Bf8 79. Kg4 Be7
80. Kh3 Ke5 81. Kg2 Bd6 82. Kf1 Kd4 83. Ba6 Bc5 84. Ke2 Bb4 85. Kd1 Kc3 86. Ke1
Kd3+ 87. Kf1 Kd4 88. Ke2 Kc3 89. Kf1 1/2-1/2

[Event "TCh-TUR Super League 2023"]
[Site "Ankara TUR"]
[Date "2023.07.12"]
[Round "3.3"]
[Board "6"]
[White "Ahmadzada, Ahmad"]
[Black "Babazada, Khazar"]
[Result "1/2-1/2"]
[WhiteTitle "IM"]
[BlackTitle "IM"]
[WhiteElo "2503"]
[BlackElo "2460"]
[WhiteTeam "HUKUKCU FENERBAHCELILER SPOR VE KULTUR K"]
[BlackTeam "BURSA BUYUKSEHIR BELEDIYE SPOR KULUBU"]
[WhiteFideId "13413007"]
[BlackFideId "13413554"]
[EventDate "2023.07.10"]

1. e4 e5 2. Nf3 Nc6 3. Bc4 Bc5 4. O-O Nf6 5. d3 d6 6. c3 a6 7. a4 h6 8. Re1 O-O
9. h3 Ba7 10. Nbd2 Be6 11. b4 Nh5 12. Bxe6 fxe6 13. Nf1 Qf6 14. Ra2 Qg6 15. N1h2
Nf4 16. Bxf4 Rxf4 17. b5 Nb8 18. Kh1 Nd7 19. g3 Rf7 20. bxa6 bxa6 21. d4 Raf8
22. Qd3 Qh5 23. Kg2 exd4 24. cxd4 Qa5 25. Ree2 Rb8 26. Qc4 Rb4 27. Qxe6 Bxd4 28.
Rad2 Qxa4 29. Qe8+ Rf8 30. Qe6+ Rf7 31. Qe8+ Rf8 32. Qe6+ Rf7 1/2-1/2

[Event "TCh-TUR Super League 2023"]
[Site "Ankara TUR"]
[Date "2023.07.12"]
[Round "3.4"]
[Board "1"]
[White "Sanal, Vahap"]
[Black "Nihal, Sarin"]
[Result "0-1"]
[WhiteTitle "GM"]
[BlackTitle "GM"]
[WhiteElo "2585"]
[BlackElo "2688"]
[WhiteTeam "GOKTURK"]
[BlackTeam "BAYEGAN PENDIK"]
[WhiteFideId "6300545"]
[BlackFideId "25092340"]
[EventDate "2023.07.10"]

1. e4 e5 2. Nf3 Nf6 3. Nxe5 d6 4. Nd3 Nxe4 5. Qe2 Qe7 6. Nf4 c6 7. d4 d5 8. f3
Nd6 9. c3 h5 10. h4 Bf5 11. Kf2 Nd7 12. Qxe7+ Bxe7 13. Bd3 O-O-O 14. Na3 Bxd3
15. Nxd3 Nf5 16. g3 Bxa3 17. bxa3 Nb6 18. Nc5 Nc4 19. a4 Rde8 20. Bf4 b6 21. Nd3
Kd7 22. Rae1 Rxe1 23. Rxe1 Ne7 24. Bc1 Ng6 25. Rh1 Nf8 26. g4 Ne6 27. Kg3 f6 28.
Re1 hxg4 29. fxg4 Nd6 30. Nf2 c5 31. Be3 cxd4 32. Bxd4 Rc8 33. a5 bxa5 34. Kf3
Nb5 0-1

[Event "TCh-TUR Super League 2023"]
[Site "Ankara TUR"]
[Date "2023.07.12"]
[Round "3.4"]
[Board "2"]
[White "Mamedyarov, Shakhriyar"]
[Black "Yilmaz, Mustafa"]
[Result "1-0"]
[WhiteTitle "GM"]
[BlackTitle "GM"]
[WhiteElo "2742"]
[BlackElo "2639"]
[WhiteTeam "BAYEGAN PENDIK"]
[BlackTeam "GOKTURK"]
[WhiteFideId "13401319"]
[BlackFideId "6302718"]
[EventDate "2023.07.10"]

1. c4 e5 2. Nc3 Nf6 3. Nf3 Nc6 4. d4 exd4 5. Nxd4 Bb4 6. g3 Na5 7. Qd3 d5 8.
cxd5 Qxd5 9. Qb5+ Bd7 10. Qxb4 Qxh1 11. Bg5 Nc6 12. Qxb7 Rb8 13. Qxc7 Rc8 14.
Qd6 Nxd4 15. Qxd4 Qc6 16. O-O-O Be6 17. Bxf6 gxf6 18. Qxf6 O-O 19. a3 Qb6 20.
Rd3 Rc5 21. e4 Rb8 22. b4 Rcc8 23. Kb2 a5 24. Nd5 Bxd5 25. Qxb6 Rxb6 26. Rxd5
axb4 27. a4 Rc3 28. a5 Rf6 29. f4 Rh6 30. Rd2 Rhc6 31. a6 Kg7 32. e5 Re3 33. Rd4
Rh6 34. h3 Rf3 35. a7 Ra3 36. Rd7 Rc6 37. Bg2 Rca6 38. a8=Q Rxa8 39. Bxa8 Rxa8
40. e6 Kf6 41. Rxf7+ Kxe6 42. Rxh7 Ra3 43. g4 Kd5 44. h4 Rf3 45. g5 Rxf4 46. g6
Rg4 47. h5 Rg5 48. Rh8 Ke6 49. h6 Rxg6 50. h7 1-0

[Event "TCh-TUR Super League 2023"]
[Site "Ankara TUR"]
[Date "2023.07.12"]
[Round "3.4"]
[Board "3"]
[White "Can, Emre"]
[Black "Ali Marandi, Cemil Can"]
[Result "1-0"]
[WhiteTitle "GM"]
[BlackTitle "GM"]
[WhiteElo "2570"]
[BlackElo "2568"]
[WhiteTeam "GOKTURK"]
[BlackTeam "BAYEGAN PENDIK"]
[WhiteFideId "6302181"]
[BlackFideId "6300529"]
[EventDate "2023.07.10"]

1. d4 d5 2. c4 e6 3. Nf3 c5 4. cxd5 exd5 5. Nc3 Nc6 6. dxc5 d4 7. Na4 b5 8. cxb6
axb6 9. e3 Bd7 10. exd4 Nxd4 11. Qxd4 Rxa4 12. Qe5+ Qe7 13. Be3 Nf6 14. Bd3 Qxe5
15. Nxe5 Bb4+ 16. Ke2 O-O 17. Nxd7 Nxd7 18. Bb5 Ra7 19. Bxd7 Rxd7 20. Rhd1 Re7
21. Kf3 Re6 22. g3 h6 23. Rac1 Rfe8 24. Rc4 Bc5 25. Bxc5 bxc5 26. Rd2 Ra6 27. a3
Ra5 28. Rdc2 Rb8 29. a4 Kf8 30. Ke4 Ke7 31. Kd5 Kd7 32. h4 Rb6 33. h5 Rd6+ 34.
Ke4 Re6+ 35. Kf4 Rf6+ 36. Ke3 Rb6 37. Kd3 Rb3+ 38. Kd2 Ke6 39. Rg4 Kf6 40. Rf4+
Ke6 41. Kc1 f6 42. Re2+ Kf7 43. Kc2 Rb7 44. b3 Rd7 45. Rd2 Re7 46. Kc3 c4 47.
Rxc4 Rxh5 48. b4 Rh1 49. b5 Rb1 50. Rb2 Rc1+ 51. Kb4 Rd1 52. b6 h5 53. a5 g5 54.
a6 Ra1 55. b7 1-0

[Event "TCh-TUR Super League 2023"]
[Site "Ankara TUR"]
[Date "2023.07.12"]
[Round "3.4"]
[Board "4"]
[White "Solak, Dragan"]
[Black "Gokerkan, Cem Kaan"]
[Result "1-0"]
[WhiteTitle "GM"]
[BlackTitle "IM"]
[WhiteElo "2586"]
[BlackElo "2516"]
[WhiteTeam "BAYEGAN PENDIK"]
[BlackTeam "GOKTURK"]
[WhiteFideId "916811"]
[BlackFideId "6336760"]
[EventDate "2023.07.10"]

1. e4 e5 2. Nf3 Nc6 3. Bb5 a6 4. Bxc6 dxc6 5. O-O Qf6 6. d4 exd4 7. Bg5 Qd6 8.
Qxd4 Qxd4 9. Nxd4 Bd7 10. Nc3 f6 11. Be3 O-O-O 12. Rad1 Ne7 13. Nde2 Ng6 14. Nf4
Nxf4 15. Bxf4 Bb4 16. Rd3 Be6 17. a3 Bd6 18. Bxd6 cxd6 19. Re1 Rhe8 20. f3 f5
21. Rde3 fxe4 22. Nxe4 Kd7 23. Kf2 b6 24. g4 Bd5 25. h4 c5 26. h5 h6 27. Ng3
Rxe3 28. Rxe3 Be6 29. Ne2 Rf8 30. Kg3 b5 31. f4 a5 32. f5 Bf7 33. Kf4 b4 34. Ng3
d5 35. a4 Kd6 36. f6 Be6 37. Nf5+ Bxf5 38. fxg7 Rg8 39. Kxf5 Rxg7 40. Re6+ Kc7
41. Rxh6 d4 42. Re6 Rf7+ 43. Kg6 Rf2 44. h6 Rxc2 45. h7 Rh2 46. Re5 Rxh7 47.
Kxh7 Kd6 48. Re1 c4 49. g5 d3 50. Rd1 Kd5 1-0

[Event "TCh-TUR Super League 2023"]
[Site "Ankara TUR"]
[Date "2023.07.12"]
[Round "3.4"]
[Board "5"]
[White "Ozturk Orenli, Kubra"]
[Black "Atalik, Ekaterina"]
[Result "1/2-1/2"]
[WhiteTitle "WGM"]
[BlackTitle "IM"]
[WhiteElo "2319"]
[BlackElo "2407"]
[WhiteTeam "GOKTURK"]
[BlackTeam "BAYEGAN PENDIK"]
[WhiteFideId "6302599"]
[BlackFideId "4130189"]
[EventDate "2023.07.10"]

1. d4 d5 2. c4 c6 3. cxd5 cxd5 4. Nc3 Nc6 5. Nf3 Nf6 6. Bf4 e6 7. e3 Be7 8. h3
O-O 9. Bd3 a6 10. Rc1 Bd7 11. Ne5 Rc8 12. O-O Be8 13. Qe2 Bd6 14. Nxc6 Bxc6 15.
Rc2 Bxf4 16. exf4 Qb6 17. Qe3 Bb5 18. Bxb5 axb5 19. Rfc1 Rc6 20. a4 bxa4 21.
Nxa4 Qb5 22. Rxc6 bxc6 23. b3 Rb8 24. Nc5 Ra8 25. Re1 h6 26. g4 Ne4 27. Nxe4
dxe4 28. Qxe4 Qxb3 29. Qxc6 Rd8 30. Kg2 Qd3 31. Qe4 Qxd4 32. Qxd4 1/2-1/2

[Event "TCh-TUR Super League 2023"]
[Site "Ankara TUR"]
[Date "2023.07.12"]
[Round "3.4"]
[Board "6"]
[White "Murzin, Volodar"]
[Black "Kilic, Eray"]
[Result "1/2-1/2"]
[WhiteTitle "GM"]
[BlackTitle "FM"]
[WhiteElo "2623"]
[BlackElo "2422"]
[WhiteTeam "BAYEGAN PENDIK"]
[BlackTeam "GOKTURK"]
[WhiteFideId "44155573"]
[BlackFideId "44517173"]
[EventDate "2023.07.10"]

1. e4 e5 2. Nf3 Nc6 3. Bb5 a6 4. Ba4 Nf6 5. O-O Nxe4 6. d4 b5 7. Bb3 d5 8. dxe5
Be6 9. c3 Be7 10. Nbd2 Nc5 11. Bc2 d4 12. Nb3 d3 13. Bb1 Nxb3 14. axb3 Bf5 15.
b4 O-O 16. h3 Qd7 17. Bf4 Rfd8 18. g4 Bg6 19. Re1 a5 20. bxa5 Rxa5 21. Rxa5 Nxa5
22. e6 fxe6 23. Ne5 Qd5 24. Nxg6 hxg6 25. Bxc7 d2 26. Rf1 Nc4 27. Bxd8 Nxb2 28.
Qc2 Qxd8 29. Qxb2 d1=Q 30. Rxd1 Qxd1+ 31. Kg2 Qd5+ 1/2-1/2

[Event "TCh-TUR Super League 2023"]
[Site "Ankara TUR"]
[Date "2023.07.12"]
[Round "3.5"]
[Board "1"]
[White "Gukesh, D"]
[Black "Volokitin, Andrei"]
[Result "1/2-1/2"]
[WhiteTitle "GM"]
[BlackTitle "GM"]
[WhiteElo "2744"]
[BlackElo "2674"]
[WhiteTeam "TURK HAVA YOLLARI"]
[BlackTeam "DENIZ SU SATRANC GENCLIK VE"]
[WhiteFideId "46616543"]
[BlackFideId "14107090"]
[EventDate "2023.07.10"]

1. e4 c5 2. Nf3 d6 3. Bb5+ Nd7 4. a4 Nf6 5. Nc3 a6 6. Be2 g6 7. a5 Bg7 8. d3 O-O
9. Nd2 Ne5 10. f4 Nc6 11. Nc4 Be6 12. g4 Bxc4 13. dxc4 Nxa5 14. g5 Nd7 15. h4
Nc6 16. h5 Nd4 17. hxg6 fxg6 18. Bg4 e6 19. Ne2 Qe7 20. Ra3 Rf7 21. Rah3 Nf8 22.
Ng3 b5 23. c3 Nc6 24. O-O b4 25. f5 Be5 26. cxb4 Nxb4 27. f6 Qb7 28. Ne2 Rb8 29.
Bf4 Nc6 30. b3 Bxf4 31. Nxf4 Nd4 32. Re3 h6 33. Ne2 h5 1/2-1/2

[Event "TCh-TUR Super League 2023"]
[Site "Ankara TUR"]
[Date "2023.07.12"]
[Round "3.5"]
[Board "2"]
[White "Indjic, Aleksandar"]
[Black "Cheparinov, Ivan"]
[Result "1/2-1/2"]
[WhiteTitle "GM"]
[BlackTitle "GM"]
[WhiteElo "2619"]
[BlackElo "2663"]
[WhiteTeam "DENIZ SU SATRANC GENCLIK VE"]
[BlackTeam "TURK HAVA YOLLARI"]
[WhiteFideId "911925"]
[BlackFideId "2905540"]
[EventDate "2023.07.10"]

1. d4 d5 2. c4 dxc4 3. Nf3 Nf6 4. e3 e6 5. Bxc4 c5 6. O-O Nc6 7. a3 a6 8. dxc5
Qxd1 9. Rxd1 Bxc5 10. b4 Be7 11. Bb2 O-O 12. Nbd2 Bd7 13. Be2 Rfd8 14. Nb3 Be8
15. Rxd8 Rxd8 16. Rc1 Nd5 17. Nc5 Rb8 18. Nd2 a5 19. b5 Na7 20. a4 Rc8 21. Ndb3
b6 22. Ne4 Rxc1+ 23. Nxc1 Nc8 24. Bc4 Nf6 25. Nd2 Nd6 26. Ncb3 Nd7 27. Bd3 e5
28. Nc4 Nxc4 29. Bxc4 Kf8 30. e4 f6 31. Kf1 Nc5 32. Nxc5 Bxc5 33. f3 1/2-1/2

[Event "TCh-TUR Super League 2023"]
[Site "Ankara TUR"]
[Date "2023.07.12"]
[Round "3.5"]
[Board "3"]
[White "Yilmazyerli, Mert"]
[Black "Citak, Selim"]
[Result "1-0"]
[WhiteTitle "GM"]
[BlackTitle "FM"]
[WhiteElo "2542"]
[BlackElo "2327"]
[WhiteTeam "TURK HAVA YOLLARI"]
[BlackTeam "DENIZ SU SATRANC GENCLIK VE"]
[WhiteFideId "6305962"]
[BlackFideId "6301819"]
[EventDate "2023.07.10"]

1. d4 Nf6 2. c4 e6 3. Nc3 d5 4. cxd5 Nxd5 5. e4 Nxc3 6. bxc3 c5 7. Rb1 Be7 8.
Nf3 O-O 9. Bc4 Qc7 10. Qe2 a6 11. O-O b5 12. Bd3 Bb7 13. a4 bxa4 14. Bf4 Qc8 15.
d5 exd5 16. exd5 Bf6 17. c4 g6 18. Ng5 Ra7 19. Rfe1 Nd7 20. Nxh7 Kxh7 21. Qh5+
Kg8 22. Bxg6 fxg6 23. Qxg6+ Kh8 24. Re3 Nb6 25. Re5 1-0

[Event "TCh-TUR Super League 2023"]
[Site "Ankara TUR"]
[Date "2023.07.12"]
[Round "3.5"]
[Board "4"]
[White "Yurtseven, Melih"]
[Black "Gurel, Ediz"]
[Result "0-1"]
[WhiteTitle "IM"]
[BlackTitle "IM"]
[WhiteElo "2329"]
[BlackElo "2500"]
[WhiteTeam "DENIZ SU SATRANC GENCLIK VE"]
[BlackTeam "TURK HAVA YOLLARI"]
[WhiteFideId "6312160"]
[BlackFideId "44507356"]
[EventDate "2023.07.10"]

1. d4 Nf6 2. Nf3 e6 3. Bf4 b6 4. e3 Bb7 5. Bd3 Be7 6. h3 O-O 7. Nbd2 c5 8. c3
Nc6 9. O-O d6 10. Bh2 Rc8 11. a3 Re8 12. Qe2 cxd4 13. cxd4 d5 14. Rfc1 Bd6 15.
Bxd6 Qxd6 16. Rc2 Rc7 17. Rac1 Rec8 18. Nb1 Na5 19. b4 Rxc2 20. Rxc2 Nc6 21. Qf1
Qb8 22. Qc1 Ne7 23. Ne5 Ne8 24. Rxc8 Qxc8 25. Qxc8 Bxc8 26. f4 Nd6 27. Nc3 f6
28. Nf3 Bd7 29. Kf2 h6 30. Nd2 g5 31. fxg5 hxg5 32. e4 dxe4 33. Ndxe4 Nxe4+ 34.
Bxe4 f5 35. Bf3 Kg7 36. Ke2 Kf6 37. Kd3 Nc8 38. g3 Nd6 39. h4 a5 40. Bg2 Be8 41.
Bf3 Bg6 42. Ke2 Nc4 43. bxa5 bxa5 44. a4 Be8 45. Kd3 Nb2+ 46. Kc2 Nxa4 47. hxg5+
Kxg5 48. Nxa4 Bxa4+ 49. Kb2 Be8 50. Bd1 Kf6 51. Ka3 Ke7 52. Bb3 Kd6 53. Bc4 Bc6
54. Be2 Be4 55. Bc4 Bc2 56. Kb2 Bd1 57. Kc1 Bf3 58. Bb3 Bd5 59. Bd1 Bc4 60. Bf3
a4 61. Kb2 Bd3 62. Kc3 a3 63. Kb3 Be4 64. Be2 a2 65. Kxa2 Kd5 66. Kb2 Kxd4 67.
g4 f4 68. g5 f3 69. Bf1 f2 70. Kc1 Ke3 71. Kb2 Bd3 72. g6 Bxg6 0-1

[Event "TCh-TUR Super League 2023"]
[Site "Ankara TUR"]
[Date "2023.07.12"]
[Round "3.5"]
[Board "5"]
[White "Vaishali, Rameshbabu"]
[Black "Salimova, Nurgyul"]
[Result "1/2-1/2"]
[WhiteTitle "IM"]
[BlackTitle "IM"]
[WhiteElo "2431"]
[BlackElo "2409"]
[WhiteTeam "TURK HAVA YOLLARI"]
[BlackTeam "DENIZ SU SATRANC GENCLIK VE"]
[WhiteFideId "5091756"]
[BlackFideId "2915138"]
[EventDate "2023.07.10"]

1. e4 e5 2. Nf3 Nc6 3. Bc4 Nf6 4. d3 Be7 5. O-O O-O 6. Re1 d6 7. a3 Be6 8. Nbd2
Qd7 9. b4 a6 10. Bb2 b5 11. Bxe6 fxe6 12. c4 Bd8 13. Rc1 Ne7 14. Qb3 Ng6 15.
cxb5 axb5 16. d4 exd4 17. Nxd4 Nf4 18. g3 c5 19. bxc5 dxc5 20. gxf4 cxd4 21. f5
Ba5 22. Red1 Rae8 23. Nf3 Nxe4 24. Rxd4 Qb7 25. fxe6 Rf6 26. e7+ Kh8 27. Rxe4
Qxe4 28. Bxf6 gxf6 29. Qf7 Qxe7 30. Qxe7 Rxe7 31. Rc8+ Kg7 32. Rb8 Bc3 33. Rxb5
Re4 34. Rb3 Ba5 35. Rd3 Bb6 36. Nd2 Re2 37. Rd6 Bc5 38. Rd5 Bxa3 39. Nc4 Bc1 40.
Kg2 Bg5 41. Kf3 Rc2 42. Rd4 1/2-1/2

[Event "TCh-TUR Super League 2023"]
[Site "Ankara TUR"]
[Date "2023.07.12"]
[Round "3.5"]
[Board "6"]
[White "Erten, Kerem"]
[Black "Can, Isik"]
[Result "0-1"]
[WhiteTitle "CM"]
[BlackTitle "IM"]
[WhiteElo "2287"]
[BlackElo "2512"]
[WhiteTeam "DENIZ SU SATRANC GENCLIK VE"]
[BlackTeam "TURK HAVA YOLLARI"]
[WhiteFideId "34588221"]
[BlackFideId "6383742"]
[EventDate "2023.07.10"]

1. e4 c5 2. Nf3 e6 3. b3 Nc6 4. Bb2 a6 5. c4 Nf6 6. Nc3 e5 7. g3 d6 8. Bg2 h5 9.
d3 Bg4 10. Nd5 Nxd5 11. cxd5 Nd4 12. Bxd4 cxd4 13. h4 Qf6 14. a4 g6 15. a5 Bh6
16. Ra4 O-O 17. Rc4 Rab8 18. Ke2 Qd8 19. Bh3 f5 20. exf5 Qf6 21. Bxg4 hxg4 22.
Ng5 Qxf5 23. Rh2 b5 24. axb6 Rxb6 25. Kf1 Rfb8 26. Ne4 Qf3 27. Qxf3 gxf3 28. Kg1
Rxb3 29. Rh3 Rb1+ 30. Kh2 Rf1 31. Nf6+ Kg7 32. Rc7+ Kxf6 33. g4 Bf4+ 34. Rg3 g5 0-1

[Event "TCh-TUR Super League 2023"]
[Site "Ankara TUR"]
[Date "2023.07.12"]
[Round "3.6"]
[Board "1"]
[White "Sankalp, Gupta"]
[Black "Ivic, Velimir"]
[Result "1-0"]
[WhiteTitle "GM"]
[BlackTitle "GM"]
[WhiteElo "2497"]
[BlackElo "2590"]
[WhiteTeam "ROTA KOLEJI"]
[BlackTeam "BURHANIYE"]
[WhiteFideId "5097010"]
[BlackFideId "950122"]
[EventDate "2023.07.10"]

1. e4 c6 2. Nf3 d5 3. d3 g6 4. e5 Bg7 5. d4 f6 6. exf6 Nxf6 7. Be2 O-O 8. O-O
Kh8 9. c3 c5 10. dxc5 Qc7 11. h3 Qxc5 12. Qd4 Qd6 13. Bf4 Qd8 14. Qe3 Nc6 15.
Bh2 Bf5 16. Nbd2 Qe8 17. Nb3 Ne4 18. Rad1 Rd8 19. c4 dxc4 20. Bxc4 Nd6 21. Bd5
Bc2 22. Bxc6 bxc6 23. Rc1 Nc4 24. Qxa7 Bd3 25. Rfe1 e5 26. Nc5 e4 27. Ng5 Ra8
28. Qc7 Rc8 29. Qb7 Na5 30. Qb4 Qe7 31. Nge6 Qf6 32. Nxf8 Rxf8 33. Qxa5 Qxf2+
34. Kh1 1-0

[Event "TCh-TUR Super League 2023"]
[Site "Ankara TUR"]
[Date "2023.07.12"]
[Round "3.6"]
[Board "2"]
[White "Skoberne, Jure"]
[Black "Mammadov, Zaur"]
[Result "1/2-1/2"]
[WhiteTitle "GM"]
[BlackTitle "GM"]
[WhiteElo "2536"]
[BlackElo "2398"]
[WhiteTeam "BURHANIYE"]
[BlackTeam "ROTA KOLEJI"]
[WhiteFideId "14604299"]
[BlackFideId "13401033"]
[EventDate "2023.07.10"]

1. Nf3 d5 2. g3 Nf6 3. Bg2 g6 4. b3 Bg7 5. Bb2 c6 6. O-O O-O 7. c4 Bg4 8. d3 a5
9. Nbd2 Nbd7 10. d4 Bxf3 11. Bxf3 e6 12. a3 Re8 13. Bg2 h5 14. h3 Qe7 15. Re1 e5
16. cxd5 cxd5 17. dxe5 Nxe5 18. Rc1 Rad8 19. Bxe5 Qxe5 20. Rc5 Bh6 21. Nf3 Qd6
22. Rxa5 Ne4 23. e3 b6 24. Ra7 Qb8 25. Ra4 Nc3 26. Qd3 Nxa4 27. bxa4 Qa7 28. Rb1
Qxa4 29. Rxb6 Qc4 30. Qb1 Bg7 31. Rb4 Qe2 32. Ng5 d4 33. Bf1 Qd2 34. Ne4 dxe3
35. Nxd2 exd2 36. Qd1 Re1 37. Rb1 Rxd1 38. Rxd1 Bc3 39. Be2 Ra8 40. Rb1 Rxa3 41.
Rb8+ Kg7 42. Rd8 Ra1+ 43. Kg2 Re1 44. Bf3 f5 45. h4 Kf6 46. Rd3 Rc1 47. Rd5 Bb4
48. Rd4 Rb1 49. Rd5 Rb2 50. Rb5 Bc3 51. Rxb2 Bxb2 52. Bd1 Ke5 53. Kf3 Ba3 54.
Ke2 Bb4 55. Bb3 Kd4 56. Bf7 Kc3 57. Kd1 Bc5 58. Bxg6 Bxf2 59. Bxf5 1/2-1/2

[Event "TCh-TUR Super League 2023"]
[Site "Ankara TUR"]
[Date "2023.07.12"]
[Round "3.6"]
[Board "3"]
[White "Yavuz, Efe Metehan"]
[Black "Bicer, Atakan Mert"]
[Result "1/2-1/2"]
[WhiteTitle "FM"]
[BlackTitle "FM"]
[WhiteElo "2346"]
[BlackElo "2311"]
[WhiteTeam "ROTA KOLEJI"]
[BlackTeam "BURHANIYE"]
[WhiteFideId "34514570"]
[BlackFideId "34560645"]
[EventDate "2023.07.10"]

1. Nf3 Nf6 2. g3 d5 3. Bg2 Bf5 4. O-O e6 5. c4 c6 6. d4 Be7 7. Nc3 O-O 8. Nd2
Nbd7 9. e4 dxe4 10. Ndxe4 Nxe4 11. Nxe4 Nf6 12. Nc3 Qb6 13. c5 Qa6 14. Qb3 Bd3
15. Rd1 Rad8 16. Nd5 Nxd5 17. Rxd3 Rd7 18. Bd2 Rfd8 19. Rc1 Rc7 20. Qa3 Qxa3 21.
Rxa3 Ra8 22. Re1 Rd7 23. Rd3 Bf6 24. Rd1 Ne7 25. Be3 Rad8 26. g4 h6 27. Be4 g5
28. h4 Kg7 29. hxg5 hxg5 30. Kg2 Nd5 31. Kg3 Nc7 32. a4 Na6 33. f4 gxf4+ 34.
Kxf4 Nb4 35. R3d2 Rh8 36. Rh1 Rxh1 37. Bxh1 Rd8 38. g5 Be7 39. Be4 Nd5+ 40. Bxd5
Rxd5 41. Rg2 Kg6 42. Ke4 Bxg5 43. Rg3 Kf6 44. Rf3+ Ke7 45. Bxg5+ Rxg5 46. Rb3
Rg4+ 47. Kf3 Rxd4 48. Rxb7+ Kf6 49. a5 Rc4 50. b4 Ke5 51. Rxf7 Rxb4 52. Rxa7
Rb3+ 53. Ke2 Ra3 54. a6 Ke4 55. Kd2 e5 56. Ra8 Kd4 57. a7 Ra2+ 58. Kc1 Kxc5 59.
Re8 Rxa7 60. Rxe5+ Kd4 61. Rh5 Ra2 62. Rh4+ Kc5 63. Rh5+ Kb4 64. Rh4+ Kb5 65.
Rh5+ c5 66. Rh4 c4 67. Kb1 Rg2 68. Kc1 Kb4 69. Rh3 Ra2 70. Kb1 Rd2 71. Kc1 Rd3
72. Rxd3 cxd3 73. Kd2 Kc4 74. Kd1 Kc3 75. Kc1 d2+ 76. Kd1 Kd3 1/2-1/2